000 00841cam a22002654a 4500
001 12809596
003 DO-SdBNP
005 20220701105401.0
008 020506s2002 sp a 000 0dspa
020 _a8467000538
040 _aBPMSU
_bspa
_cBPMSU
_d
082 _a946.083
_bC284v 2002
_222
245 0 0 _aVeinticinco años de reinado de S.M. Don Juan Carlos I /
_cMiguel Artola Gallego... [et al.]
260 _aMadrid :
_bEspasa,
_c2002.
300 _a1008 p. ;
_c23 cm.
_b
490 4 _aEnsayos y pensamiento
590 _6Inventariado, 2022/VM
600 1 4 _aJuan Carlos
_bI,
_cRey de España,
_d1938-
651 4 _aEspaña
_xHistoria
_y1975-
651 4 _aEspaña
_xCivilización
_ySiglo XX
700 1 _aArtola Gallego, Miguel
710 2 _aReal Academia de la Historia (España)
910 _aVMateo V.
942 _2ddc
_cBK
999 _c14148
_d14148